'U' Vocabulary (Hard) Quiz Stats

 Plays Quiz Updated Dec 3, 2016

Support Sporcle.
Go Orange.
Score 0/25 Timer 09:00
1 Play Today
% Correct
uvula
89.2%
ulna
88.7%
unkempt
86.6%
usurp
84.7%
umlaut
83.5%
undulate
83.4%
uncouth
82.8%
ursine
82.4%
unswathe
80.8%
umber
78.3%
unabridged
76.2%
unhewn
76.2%
uncanny
74%
% Correct
ulterior
72.7%
utilidor
72.1%
unfledged
70.3%
unmitigated
69.5%
untenable
66.6%
unction
65.7%
unpliant
65.2%
umbrage
64.7%
upbraid
64.7%
uxorious
58.9%
upshot
56.1%
ugsome
54.2%

You're not logged in!

Compare scores with friends on all Sporcle quizzes.
OR
Log In

From the Vault

Books for All Kinds of Weather

by El_Dandy

A rainy day is the perfect time to curl up with a good book.
Remove Ads.
Support Sporcle.
Get the best of Sporcle when you Go Orange. This ad-free experience offers more features, more stats, and more fun while also helping to support Sporcle. Thank you for becoming a member.

Show Comments

Extras

Top Quizzes Today


Score Distribution

Your Account Isn't Verified!

In order to create a playlist on Sporcle, you need to verify the email address you used during registration. Go to your Sporcle Settings to finish the process.

Report this User

Report this user for behavior that violates our Community Guidelines.

Details: